Top 15 Countries with Covid-19 Deaths - 19 August - Statistics

General Stats
  • This quiz has been taken 28 times
  • The average score is 13 of 20
Answer Stats
country % Correct
United States
96%
France
93%
Mexico
89%
United Kingdom
89%
Brazil
85%
Spain
85%
Italy
81%
Russia
81%
India
74%
Colombia
70%
Peru
63%
Chile
59%
Belgium
56%
Iran
56%
South Africa
56%
Netherlands
52%
Ireland
48%
Panama
37%
Sweden
37%
Bolivia
22%
No matching quizzes found
Score Distribution
Percent of People with Each Score
Percentile by Number Answered
Your Score History
You have not taken this quiz